Energy Subsidy Reform : Lessons and Implications.

Energy subsidies have wide-ranging economic consequences. While aimed at protecting consumers, subsidies aggravate fiscal imbalances, crowd-out priority public spending, and depress private investment, including in the energy sector. Subsidies also distort resource allocation by encouraging excessiv...

Popoln opis

Bibliografske podrobnosti
Korporativna značnica: International Monetary Fund
Format: Revija
Jezik:English
Izdano: Washington, D.C. : International Monetary Fund, 2013.
Serija:Policy Papers; Policy Paper ; No. 2013/004
Online dostop:Full text available on IMF
LEADER 01996cas a2200241 a 4500
001 AALejournalIMF020344
008 230101c9999 xx r poo 0 0eng d
020 |c 5.00 USD 
020 |z 9781498342391 
022 |a 2663-3493 
040 |a BD-DhAAL  |c BD-DhAAL 
110 2 |a International Monetary Fund. 
245 1 0 |a Energy Subsidy Reform :   |b Lessons and Implications. 
264 1 |a Washington, D.C. :  |b International Monetary Fund,  |c 2013. 
300 |a 1 online resource (68 pages) 
490 1 |a Policy Papers 
500 |a <strong>Off-Campus Access:</strong> No User ID or Password Required 
500 |a <strong>On-Campus Access:</strong> No User ID or Password Required 
506 |a Electronic access restricted to authorized BRAC University faculty, staff and students 
520 3 |a Energy subsidies have wide-ranging economic consequences. While aimed at protecting consumers, subsidies aggravate fiscal imbalances, crowd-out priority public spending, and depress private investment, including in the energy sector. Subsidies also distort resource allocation by encouraging excessive energy consumption, artificially promoting capital-intensive industries, reducing incentives for investment in renewable energy, and accelerating the depletion of natural resources. Most subsidy benefits are captured by higher-income households, reinforcing inequality. Even future generations are affected through the damaging effects of increased energy consumption on global warming. This paper provides: (i) the most comprehensive estimates of energy subsidies currently available for 176 countries; and (ii) an analysis of ?how to do energy subsidy reform, drawing on insights from 22 country case studies undertaken by IMF staff and analyses carried out by other institutions. 
538 |a Mode of access: Internet 
830 0 |a Policy Papers; Policy Paper ;  |v No. 2013/004 
856 4 0 |z Full text available on IMF  |u http://elibrary.imf.org/view/journals/007/2013/004/007.2013.issue-004-en.xml  |z IMF e-Library